000 00476nam a22001817a 4500
003 NUST - PNEC
005 20170116180935.0
008 150906b xxu||||| |||| 00| 0 eng d
020 _a0070400318
040 _cLIBRARY
082 _a621.31242 MAN
100 _98491
_aMantell, C. L.
245 _aBatteries and energy systems
_cC. L. Mantell
250 _a2nd ed.
260 _cc.1983
650 _98493
_aElectric batteries,Storage batteries
_xEE,EL
942 _2ddc
_cBK
999 _c66027
_d66027